[Event "Menchik Memorial 10th"]
[Site "London"]
[Date "2025.03.20"]
[Round "1.1"]
[White "Van Foreest, Machteld"]
[Black "Yao, Lan"]
[Result "0-1"]
[WhiteElo "2352"]
[BlackElo "2294"]
[PlyCount "112"]
[EventDate "2025.03.20"]
[EventType "tourn"]
[EventRounds "9"]
[EventCountry "ENG"]
[EventCategory "2"]
[SourceTitle "BritBase"]
[Source "John Saunders"]
[SourceDate "2025.03.26"]
[SourceVersion "1"]
[SourceVersionDate "2025.03.26"]
[SourceQuality "1"]

1. e4 c5 2. Nf3 Nc6 3. Nc3 g6 4. d4 cxd4 5. Nxd4 Bg7 6. Be3 Nf6 7. Bc4 O-O 8. f3 Qb6 9. Qd2 Nxe4 10. fxe4 Bxd4 11. Bxd4 Qxd4 12. Qxd4 Nxd4 13. O-O-O Nc6 14. Nd5 Rb8 15. a4 Kg7 16. Rhf1 a6 17. Nb6 Ne5 18. Bb3 d6 19. Nd5 Nc6 20. Nb6 Be6 21. Bxe6 fxe6 22. Kd2 Ne5 23. h3 g5 24. Ke3 h5 25. b3 Kg6 26. c4 h4 27. b4 g4 28. hxg4 Kg5 29. c5 Rxf1 30. Rxf1 dxc5 31. bxc5 Rd8 32. Rc1 Rd3+ 33. Ke2 Rg3 34. Kf1 Rxg4 35. Nc4 Nd3 36. Rc3 Nxc5 37. Ne5 Nxe4 38. Rc7 Ng3+ 39. Kf2 Rxa4 40. Nf3+ Kf6 41. Rxb7 Nf5 42. Rb6 a5 43. Ra6 Ra2+ 44. Kg1 a4 45. Kh2 Ra1 46. Nd2 Nd4 47. Kh3 Kg5 48. Ne4+ Kf4 49. Nf2 a3 50. Nd3+ Ke3 51. Nb4 Kd2 52. Kxh4 Kc3 53. Nc6 a2 54. Nxd4 Kxd4 55. Ra4+ Kc3 56. Kg5 Kb3 0-1

[Event "Menchik Memorial 10th"]
[Site "London"]
[Date "2025.03.20"]
[Round "1.2"]
[White "Navrotescu, Andreea"]
[Black "Mirzoeva, Elmira"]
[Result "1/2-1/2"]
[WhiteElo "2288"]
[BlackElo "2272"]
[PlyCount "146"]
[EventDate "2025.03.20"]
[EventType "tourn"]
[EventRounds "9"]
[EventCountry "ENG"]
[EventCategory "2"]
[SourceTitle "BritBase"]
[Source "John Saunders"]
[SourceDate "2025.03.26"]
[SourceVersion "1"]
[SourceVersionDate "2025.03.26"]
[SourceQuality "1"]

1. e4 c6 2. d4 d5 3. e5 Bf5 4. h4 a6 5. g4 Bd7 6. h5 c5 7. Be2 cxd4 8. Qxd4 Qc7 9. Nc3 e6 10. Nf3 Nc6 11. Qf4 h6 12. Nxd5 exd5 13. e6 Qxf4 14. exd7+ Kxd7 15. Bxf4 Re8 16. Be3 Nf6 17. Rg1 Kc7 18. O-O-O Bd6 19. c3 Ne4 20. Rge1 Rd8 21. Nd4 Nxd4 22. Bxd4 Bf4+ 23. Kc2 f6 24. Bf3 Rhe8 25. c4 Be5 26. cxd5 Bxd4 27. Rxd4 Nd6 28. Rxe8 Rxe8 29. Kd2 Re5 30. Rd3 Kb6 31. b4 Kc7 32. Kc3 Nb5+ 33. Kc4 Nd6+ 34. Kb3 Kd7 35. a4 Kc7 36. Rc3+ Kd7 37. a5 Re1 38. Rc2 Nb5 39. Rd2 Rb1+ 40. Kc4 Nd6+ 41. Kc5 Rc1+ 42. Kd4 Rc4+ 43. Kd3 Rxb4 44. Ra2 Rb3+ 45. Ke2 Nb5 46. Rd2 Kd6 47. g5 hxg5 48. Bg4 Nc3+ 49. Kf1 Ne4 50. Rc2 Nc5 51. Re2 Rb4 52. Bf5 Rf4 53. Bg6 g4 54. Kg2 f5 55. Re8 Nd3 56. Re3 Ne5 57. Kg3 Nxg6 58. Re6+ Kxd5 59. Rxg6 Rf3+ 60. Kh4 Rxf2 61. Rxg7 Rh2+ 62. Kg5 Ke4 63. Re7+ Kf3 64. Rxb7 g3 65. Rb3+ Kg2 66. Kxf5 Rxh5+ 67. Kg4 Rxa5 68. Rb2+ Kf1 69. Kxg3 Rb5 70. Rxb5 axb5 71. Kf3 Ke1 72. Ke3 Kd1 73. Kd3 Kc1 1/2-1/2

[Event "Menchik Memorial 10th"]
[Site "London"]
[Date "2025.03.20"]
[Round "1.3"]
[White "Toma, Katarzyna"]
[Black "Unuk, Laura"]
[Result "1-0"]
[WhiteElo "2177"]
[BlackElo "2301"]
[PlyCount "111"]
[EventDate "2025.03.20"]
[EventType "tourn"]
[EventRounds "9"]
[EventCountry "ENG"]
[EventCategory "2"]
[SourceTitle "BritBase"]
[Source "John Saunders"]
[SourceDate "2025.03.26"]
[SourceVersion "1"]
[SourceVersionDate "2025.03.26"]
[SourceQuality "1"]

1. e4 e6 2. d4 d5 3. Bd3 c5 4. exd5 exd5 5. Nf3 c4 6. Be2 Bd6 7. O-O Ne7 8. b3 cxb3 9. axb3 O-O 10. c4 Nbc6 11. Nc3 Bf5 12. Bg5 f6 13. Be3 Kh8 14. Qd2 a6 15. Qb2 Nb4 16. c5 Bc7 17. Ra4 Nec6 18. Qd2 g5 19. Ne1 Qd7 20. Nd3 Nxd3 21. Bxd3 Ne7 22. b4 Bxd3 23. Qxd3 Ng6 24. b5 Nh4 25. f3 axb5 26. Rxa8 Rxa8 27. Qxb5 Qc6 28. Rb1 Ra3 29. Qb4 Qa6 30. c6 Kg8 31. cxb7 Bb8 32. Bf2 Ra1 33. Nxd5 Rxb1+ 34. Qxb1 Qd6 35. Qe4 Qxh2+ 36. Kf1 Qd6 37. Bxh4 gxh4 38. Qe8+ Kg7 39. Qe7+ Kg6 40. Qxd6 Bxd6 41. Nb6 Kf5 42. Nd7 Ke6 43. b8=Q Bxb8 44. Nxb8 Kd5 45. Nd7 f5 46. Nf6+ Kxd4 47. Nxh7 Ke3 48. Ng5 Kf4 49. Nh3+ Kg3 50. Ng1 Kh2 51. Kf2 Kh1 52. Ne2 Kh2 53. Nd4 f4 54. Ne6 h3 55. gxh3 Kxh3 56. Nxf4+ 1-0

[Event "Menchik Memorial 10th"]
[Site "London"]
[Date "2025.03.20"]
[Round "1.4"]
[White "Zimina, Olga"]
[Black "Schulze, Lara"]
[Result "1/2-1/2"]
[WhiteElo "2293"]
[BlackElo "2313"]
[PlyCount "88"]
[EventDate "2025.03.20"]
[EventType "tourn"]
[EventRounds "9"]
[EventCountry "ENG"]
[EventCategory "2"]
[SourceTitle "BritBase"]
[Source "John Saunders"]
[SourceDate "2025.03.26"]
[SourceVersion "1"]
[SourceVersionDate "2025.03.26"]
[SourceQuality "1"]

1. d4 Nf6 2. Nf3 e6 3. e3 d5 4. Bd3 c5 5. b3 Nc6 6. Bb2 b6 7. a3 Bb7 8. O-O Bd6 9. Nbd2 O-O 10. Qe2 cxd4 11. exd4 Rc8 12. Ne5 Ne7 13. f4 Rc7 14. Rae1 Qa8 15. Rf2 Nc8 16. g4 Be7 17. g5 Ne4 18. Nxe4 dxe4 19. Bxe4 Bxe4 20. Qxe4 Qxe4 21. Rxe4 Nd6 22. Re1 b5 23. Nd3 Rfc8 24. Ree2 Nf5 25. d5 exd5 26. Re5 Nd6 27. Rfe2 Bf8 28. Rxd5 Rxc2 29. Rxc2 Rxc2 30. Be5 Ne4 31. Rd8 f6 32. Bd4 Kf7 33. gxf6 gxf6 34. f5 Ng5 35. Bxa7 Nf3+ 36. Kf1 Nxh2+ 37. Kg1 Nf3+ 38. Kf1 Bxa3 39. Rd7+ Ke8 40. Rxh7 Bd6 41. b4 Nh2+ 42. Kg1 Nf3+ 43. Kf1 Nh2+ 44. Kg1 Nf3+ 1/2-1/2

[Event "Menchik Memorial 10th"]
[Site "London"]
[Date "2025.03.20"]
[Round "1.5"]
[White "Sliwicka, Alicja"]
[Black "Hunt, Harriet V"]
[Result "1-0"]
[WhiteElo "2342"]
[BlackElo "2296"]
[PlyCount "75"]
[EventDate "2025.03.20"]
[EventType "tourn"]
[EventRounds "9"]
[EventCountry "ENG"]
[EventCategory "2"]
[SourceTitle "BritBase"]
[Source "John Saunders"]
[SourceDate "2025.03.26"]
[SourceVersion "1"]
[SourceVersionDate "2025.03.26"]
[SourceQuality "1"]

1. e4 c5 2. Nf3 a6 3. c3 e6 4. d4 d5 5. e5 Bd7 6. Bd3 Nc6 7. O-O cxd4 8. Re1 dxc3 9. Nxc3 Be7 10. Be3 Qa5 11. a3 Rc8 12. Ne2 h5 13. Ned4 Nh6 14. h3 Nxd4 15. Nxd4 g6 16. b4 Qd8 17. Qd2 Nf5 18. Nxf5 gxf5 19. a4 d4 20. Bf4 Rc3 21. Bf1 Qb6 22. b5 Bc5 23. Red1 Bc8 24. Bg5 Rg8 25. Rac1 Rxc1 26. Qxc1 Bd7 27. Bf6 axb5 28. axb5 Be7 29. Bxe7 Kxe7 30. Qa3+ Kd8 31. Rc1 Re8 32. h4 Bc8 33. Qg3 Ke7 34. Qg5+ Kf8 35. Qh6+ Kg8 36. Rd1 Qd8 37. Rd3 f4 38. Qxf4 1-0

[Event "Menchik Memorial 10th"]
[Site "London"]
[Date "2025.03.20"]
[Round "2.1"]
[White "Yao, Lan"]
[Black "Hunt, Harriet V"]
[Result "0-1"]
[WhiteElo "2294"]
[BlackElo "2296"]
[PlyCount "112"]
[EventDate "2025.03.20"]
[EventType "tourn"]
[EventRounds "9"]
[EventCountry "ENG"]
[EventCategory "2"]
[SourceTitle "BritBase"]
[Source "John Saunders"]
[SourceDate "2025.03.26"]
[SourceVersion "1"]
[SourceVersionDate "2025.03.26"]
[SourceQuality "1"]

1. e4 e5 2. Nf3 Nc6 3. d4 exd4 4. Nxd4 Bc5 5. Nb3 Bb6 6. Nc3 Qf6 7. Qe2 Nge7 8. h4 d6 9. Bg5 Qe6 10. O-O-O Bd7 11. g3 Qg4 12. Qd2 f6 13. Be3 O-O-O 14. Bxb6 axb6 15. Bg2 Kb8 16. Kb1 Rhe8 17. Ne2 Qh5 18. Nf4 Qb5 19. Rhe1 Bg4 20. f3 Bc8 21. Bf1 Qa4 22. Ne2 Qb5 23. g4 Qe5 24. Nf4 Ng6 25. Nxg6 hxg6 26. f4 Qe7 27. Qg2 f5 28. exf5 Qxe1 29. Rxe1 Rxe1+ 30. Nc1 gxf5 31. g5 g6 32. b3 Rh8 33. Qf2 Re7 34. Kb2 Reh7 35. Bc4 Rxh4 36. Bf7 Rh2 37. Qe3 Nb4 38. Ne2 Rg2 39. Qd4 Rhh2 40. Qxb4 Rxe2 41. Qc3 Be6 42. Bxg6 Ref2 43. a4 Rxf4 44. Qf6 Bc8 45. Bf7 Rff2 46. Qc3 f4 47. b4 Bf5 48. Bb3 Rfg2 49. Qf6 Bxc2 50. Qxf4 Bxb3+ 51. Kxb3 Rh3+ 52. Kc4 Rhg3 53. Qf8+ Ka7 54. Qd8 Rxg5 55. Kd3 R2g3+ 56. Kc2 Rh5 0-1

[Event "Menchik Memorial 10th"]
[Site "London"]
[Date "2025.03.20"]
[Round "2.2"]
[White "Schulze, Lara"]
[Black "Sliwicka, Alicja"]
[Result "1/2-1/2"]
[WhiteElo "2313"]
[BlackElo "2342"]
[PlyCount "70"]
[EventDate "2025.03.20"]
[EventType "tourn"]
[EventRounds "9"]
[EventCountry "ENG"]
[EventCategory "2"]
[SourceTitle "BritBase"]
[Source "John Saunders"]
[SourceDate "2025.03.26"]
[SourceVersion "1"]
[SourceVersionDate "2025.03.26"]
[SourceQuality "1"]

1. e4 e5 2. Nf3 Nc6 3. Bc4 Nf6 4. d3 Be7 5. O-O O-O 6. Re1 d6 7. a4 Na5 8. Ba2 c5 9. c3 Nc6 10. Na3 Be6 11. Bxe6 fxe6 12. Bd2 a6 13. b4 cxb4 14. cxb4 d5 15. b5 axb5 16. axb5 Nd4 17. Nxd4 exd4 18. Nc2 Rxa1 19. Nxa1 dxe4 20. dxe4 Qb6 21. e5 Nd5 22. Nb3 d3 23. Rf1 Bc5 24. Nxc5 Qxc5 25. Qg4 Rf5 26. Qa4 h6 27. Qg4 Kh7 28. Qe4 Nc7 29. g4 Qxe5 30. Qxd3 Qd5 31. Qc2 Nxb5 32. Be3 Na3 33. Qc1 Qf3 34. gxf5 Qg4+ 35. Kh1 Qf3+ 1/2-1/2

[Event "Menchik Memorial 10th"]
[Site "London"]
[Date "2025.03.20"]
[Round "2.3"]
[White "Unuk, Laura"]
[Black "Zimina, Olga"]
[Result "1/2-1/2"]
[WhiteElo "2301"]
[BlackElo "2293"]
[PlyCount "61"]
[EventDate "2025.03.20"]
[EventType "tourn"]
[EventRounds "9"]
[EventCountry "ENG"]
[EventCategory "2"]
[SourceTitle "BritBase"]
[Source "John Saunders"]
[SourceDate "2025.03.26"]
[SourceVersion "1"]
[SourceVersionDate "2025.03.26"]
[SourceQuality "1"]

1. d4 Nf6 2. Nc3 d5 3. Bf4 a6 4. e3 Bf5 5. Nf3 e6 6. Ne5 h6 7. Bd3 Bxd3 8. cxd3 Nbd7 9. O-O Nxe5 10. Bxe5 Bd6 11. Rc1 O-O 12. Na4 Nd7 13. Bxd6 cxd6 14. b4 Nb6 15. a3 Nxa4 16. Qxa4 b5 17. Qb3 a5 18. h3 axb4 19. axb4 Qd7 20. Rc3 Rfc8 21. Rfc1 Rxc3 22. Qxc3 Ra4 23. Ra1 Rxa1+ 24. Qxa1 Qc6 25. Qb2 Qa8 26. Kf1 Qa4 27. Ke2 Kh7 28. Kd2 h5 29. h4 g6 30. g3 Kg7 31. Ke2 1/2-1/2

[Event "Menchik Memorial 10th"]
[Site "London"]
[Date "2025.03.20"]
[Round "2.4"]
[White "Mirzoeva, Elmira"]
[Black "Toma, Katarzyna"]
[Result "1-0"]
[WhiteElo "2272"]
[BlackElo "2177"]
[PlyCount "107"]
[EventDate "2025.03.20"]
[EventType "tourn"]
[EventRounds "9"]
[EventCountry "ENG"]
[EventCategory "2"]
[SourceTitle "BritBase"]
[Source "John Saunders"]
[SourceDate "2025.03.26"]
[SourceVersion "1"]
[SourceVersionDate "2025.03.26"]
[SourceQuality "1"]

1. d4 Nf6 2. c4 e6 3. Bg5 h6 4. Bh4 Bb4+ 5. Nd2 g5 6. Bg3 Ne4 7. Ngf3 Nxg3 8. hxg3 b6 9. a3 Bf8 10. Qc2 Bb7 11. g4 Bg7 12. e3 c5 13. Ne4 Qc7 14. O-O-O cxd4 15. Nxd4 a6 16. Nf3 Bxe4 17. Qxe4 Nc6 18. Kb1 Rb8 19. Be2 b5 20. cxb5 axb5 21. Rc1 Qa7 22. Rhd1 b4 23. Rxc6 bxa3 24. Ra6 Rxb2+ 25. Kc1 Qxa6 26. Bxa6 a2 27. Qa4 O-O 28. Nd4 Rfb8 29. Bc4 Rb1+ 30. Kd2 R8b2+ 31. Ke1 Bxd4 32. exd4 a1=Q 33. Qxa1 Rxa1 34. Rxa1 Rb4 35. Be2 Rxd4 36. Rd1 Rxd1+ 37. Bxd1 Kg7 38. Kd2 Kf6 39. Ke3 Ke5 40. Ba4 d6 41. Be8 f5 42. gxf5 Kxf5 43. Bd7 Ke5 44. Kf3 Kf5 45. Be8 d5 46. Bd7 Ke5 47. Kg4 d4 48. Kh5 d3 49. Kxh6 Kf5 50. Bb5 d2 51. Be2 e5 52. Kh5 e4 53. g4+ Kf4 54. Bd1 1-0

[Event "Menchik Memorial 10th"]
[Site "London"]
[Date "2025.03.21"]
[Round "3.1"]
[White "Navrotescu, Andreea"]
[Black "Yao, Lan"]
[Result "1-0"]
[WhiteElo "2288"]
[BlackElo "2294"]
[PlyCount "59"]
[EventDate "2025.03.20"]
[EventType "tourn"]
[EventRounds "9"]
[EventCountry "ENG"]
[EventCategory "2"]
[SourceTitle "BritBase"]
[Source "John Saunders"]
[SourceDate "2025.03.26"]
[SourceVersion "1"]
[SourceVersionDate "2025.03.26"]
[SourceQuality "1"]

1. d4 Nf6 2. c4 e6 3. Nf3 d5 4. Nc3 Bb4 5. cxd5 exd5 6. Bg5 h6 7. Bh4 g5 8. Bg3 Ne4 9. Nd2 Nxg3 10. hxg3 c6 11. Qc2 Be6 12. a3 Bxc3 13. bxc3 Nd7 14. e3 Qe7 15. Bd3 Kf8 16. O-O c5 17. f4 gxf4 18. exf4 Bg4 19. Rae1 Qf6 20. dxc5 Nxc5 21. Re5 Rd8 22. Nb3 Qd6 23. Nd4 Nd7 24. Bf5 Bxf5 25. Qxf5 Nxe5 26. fxe5 Qe7 27. e6 Rd6 28. Qg6 Ke8 29. Rxf7 Qg5 30. Rf8+ 1-0

[Event "Menchik Memorial 10th"]
[Site "London"]
[Date "2025.03.21"]
[Round "3.2"]
[White "Toma, Katarzyna"]
[Black "Van Foreest, Machteld"]
[Result "0-1"]
[WhiteElo "2177"]
[BlackElo "2352"]
[PlyCount "126"]
[EventDate "2025.03.20"]
[EventType "tourn"]
[EventRounds "9"]
[EventCountry "ENG"]
[EventCategory "2"]
[SourceTitle "BritBase"]
[Source "John Saunders"]
[SourceDate "2025.03.26"]
[SourceVersion "1"]
[SourceVersionDate "2025.03.26"]
[SourceQuality "1"]

1. e4 e6 2. d3 c5 3. Nf3 Nc6 4. g3 d5 5. Nbd2 Nf6 6. Bg2 Be7 7. O-O O-O 8. e5 Nd7 9. Re1 b5 10. h4 b4 11. h5 h6 12. Nf1 Qe8 13. g4 f6 14. exf6 Bxf6 15. g5 hxg5 16. Nxg5 Bxg5 17. Bxg5 Qf7 18. Qd2 Qxh5 19. Rxe6 Nd4 20. Ng3 Qg4 21. Re7 Nb6 22. Bh6 Ne6 23. Re1 Rf7 24. Re8+ Kh7 25. Be3 Qg6 26. Qe2 Bb7 27. Rxa8 Bxa8 28. c3 bxc3 29. bxc3 d4 30. Bxa8 Nxa8 31. cxd4 cxd4 32. Bd2 Nac7 33. Qe4 Qxe4 34. Rxe4 Rf3 35. Bb4 Rxd3 36. Kf1 Nd5 37. Bd6 Rd1+ 38. Re1 Rxe1+ 39. Kxe1 Nb6 40. Bb8 a6 41. Kd2 Nc5 42. Ba7 Nc4+ 43. Kd1 Ne6 44. Kc2 Ne5 45. Nf5 Nc6 46. Bb6 Kg6 47. Nd6 Kg5 48. a3 Kf4 49. Kd3 Ke5 50. Nc4+ Kd5 51. Nd2 g6 52. Kc2 g5 53. Kd3 Ne5+ 54. Kc2 g4 55. Ba5 Nc6 56. Bb6 Ng5 57. Bc7 Ne4 58. Nxe4 Kxe4 59. Kd2 Ne5 60. a4 Nd3 61. a5 Nxf2 62. Ke2 Nd3 63. Kd2 Nf4 0-1

[Event "Menchik Memorial 10th"]
[Site "London"]
[Date "2025.03.21"]
[Round "3.3"]
[White "Zimina, Olga"]
[Black "Mirzoeva, Elmira"]
[Result "1-0"]
[WhiteElo "2293"]
[BlackElo "2272"]
[PlyCount "61"]
[EventDate "2025.03.20"]
[EventType "tourn"]
[EventRounds "9"]
[EventCountry "ENG"]
[EventCategory "2"]
[SourceTitle "BritBase"]
[Source "John Saunders"]
[SourceDate "2025.03.26"]
[SourceVersion "1"]
[SourceVersionDate "2025.03.26"]
[SourceQuality "1"]

1. d4 Nf6 2. Nf3 b6 3. e3 Bb7 4. Bd3 e6 5. Nbd2 c5 6. O-O Be7 7. c3 d5 8. Ne5 O-O 9. Bc2 Nbd7 10. f4 cxd4 11. exd4 Ne4 12. Ba4 Ndf6 13. f5 exf5 14. Rxf5 b5 15. Bb3 b4 16. Nxe4 Nxe4 17. Qf3 bxc3 18. Rxf7 cxb2 19. Bxb2 Nf6 20. Rxf8+ Qxf8 21. Rf1 Rd8 22. Bc1 Qe8 23. Bg5 a5 24. Qh3 Bc8 25. Qh4 h6 26. Bxf6 Bxf6 27. Rxf6 gxf6 28. Qxf6 Qf8 29. Nf7 Re8 30. Nxh6+ Kh7 31. Bc2+ 1-0

[Event "Menchik Memorial 10th"]
[Site "London"]
[Date "2025.03.21"]
[Round "3.4"]
[White "Sliwicka, Alicja"]
[Black "Unuk, Laura"]
[Result "1-0"]
[WhiteElo "2342"]
[BlackElo "2301"]
[PlyCount "141"]
[EventDate "2025.03.20"]
[EventType "tourn"]
[EventRounds "9"]
[EventCountry "ENG"]
[EventCategory "2"]
[SourceTitle "BritBase"]
[Source "John Saunders"]
[SourceDate "2025.03.26"]
[SourceVersion "1"]
[SourceVersionDate "2025.03.26"]
[SourceQuality "1"]

1. e4 e6 2. d4 d5 3. e5 c5 4. c3 Nc6 5. Nf3 Bd7 6. Be2 Nge7 7. O-O Nf5 8. Na3 cxd4 9. cxd4 Be7 10. Bd3 O-O 11. Nc2 f6 12. Bxf5 exf5 13. Bf4 g5 14. exf6 Bxf6 15. Bd6 Re8 16. Ne5 Be6 17. Ba3 Nxe5 18. dxe5 Bxe5 19. Nd4 Qf6 20. Nf3 Bc7 21. Bc5 Bb6 22. Bd4 Bxd4 23. Nxd4 Bf7 24. Qd3 f4 25. Rad1 a6 26. Rd2 Rad8 27. Rfd1 Rd7 28. h4 Rde7 29. Qf5 Re1+ 30. Rxe1 Rxe1+ 31. Kh2 Qxf5 32. Nxf5 Re5 33. Nd6 b5 34. hxg5 Rxg5 35. Rd4 f3 36. gxf3 Be6 37. f4 Rg4 38. f3 Rh4+ 39. Kg3 Rh3+ 40. Kg2 Rh4 41. Nb7 Kg7 42. Nc5 Bc8 43. Nd3 Bb7 44. Kg3 Rh1 45. Nc5 Bc6 46. Nxa6 Rg1+ 47. Kf2 Rb1 48. Rd2 Kf6 49. Nb4 Bb7 50. Nd3 h5 51. Ke3 d4+ 52. Kxd4 Bxf3 53. Kc5 Be4 54. Nf2 Bg2 55. Nd1 Bf1 56. Ne3 Rc1+ 57. Kb4 Bc4 58. b3 Be6 59. Kxb5 Re1 60. Ng2 Rb1 61. b4 Kf5 62. a4 Kg4 63. a5 Bc8 64. Rd8 Bb7 65. Rg8+ Kf5 66. Rg5+ Kf6 67. Nh4 Rf1 68. Rf5+ Ke6 69. a6 Bd5 70. Re5+ Kd6 71. Nf5+ 1-0

[Event "Menchik Memorial 10th"]
[Site "London"]
[Date "2025.03.21"]
[Round "3.5"]
[White "Hunt, Harriet V"]
[Black "Schulze, Lara"]
[Result "1-0"]
[WhiteElo "2296"]
[BlackElo "2313"]
[PlyCount "89"]
[EventDate "2025.03.20"]
[EventType "tourn"]
[EventRounds "9"]
[EventCountry "ENG"]
[EventCategory "2"]
[SourceTitle "BritBase"]
[Source "John Saunders"]
[SourceDate "2025.03.26"]
[SourceVersion "1"]
[SourceVersionDate "2025.03.26"]
[SourceQuality "1"]

1. e4 c5 2. Nc3 Nc6 3. Bb5 Nd4 4. Nf3 a6 5. Bd3 g6 6. b4 d6 7. Rb1 Nf6 8. O-O Bg7 9. h3 O-O 10. Re1 cxb4 11. Rxb4 Nc6 12. Rb1 d5 13. Ba3 dxe4 14. Nxe4 Nxe4 15. Bxe4 Re8 16. c3 Qc7 17. Bc5 Rb8 18. Bb6 Qf4 19. Qa4 Qd6 20. d4 Bd7 21. Qb3 Qf4 22. Bd5 e6 23. Be4 Rbc8 24. Bc5 b5 25. Qa3 Qc7 26. Bd6 Qa5 27. Qb2 Qb6 28. Bc5 Qc7 29. Nd2 e5 30. d5 Na5 31. Bb4 Nc4 32. Nxc4 Qxc4 33. Rbd1 Qc7 34. d6 Qb6 35. Qa3 Bf8 36. Bd5 Kg7 37. Re3 f6 38. Qb3 a5 39. Ba3 a4 40. Qb4 Rb8 41. Rf3 Red8 42. Qh4 Bf5 43. Rxf5 Bxd6 44. Qxf6+ Kh6 45. Bc1+ 1-0

[Event "Menchik Memorial 10th"]
[Site "London"]
[Date "2025.03.21"]
[Round "4.1"]
[White "Yao, Lan"]
[Black "Schulze, Lara"]
[Result "1/2-1/2"]
[WhiteElo "2294"]
[BlackElo "2313"]
[PlyCount "44"]
[EventDate "2025.03.20"]
[EventType "tourn"]
[EventRounds "9"]
[EventCountry "ENG"]
[EventCategory "2"]
[SourceTitle "BritBase"]
[Source "John Saunders"]
[SourceDate "2025.03.26"]
[SourceVersion "1"]
[SourceVersionDate "2025.03.26"]
[SourceQuality "1"]

1. e4 c5 2. Nf3 d6 3. d4 cxd4 4. Nxd4 Nf6 5. Nc3 Nc6 6. Bg5 e6 7. Qd2 a6 8. O-O-O Bd7 9. Kb1 Be7 10. Nxc6 Bxc6 11. f3 Qc7 12. h4 h6 13. Be3 h5 14. Bd3 d5 15. exd5 Nxd5 16. Nxd5 Bxd5 17. c4 Bc6 18. Qf2 O-O 19. Bb6 Qf4 20. Be3 Qc7 21. Bb6 Qf4 22. Be3 Qc7 1/2-1/2

[Event "Menchik Memorial 10th"]
[Site "London"]
[Date "2025.03.21"]
[Round "4.2"]
[White "Unuk, Laura"]
[Black "Hunt, Harriet V"]
[Result "1/2-1/2"]
[WhiteElo "2301"]
[BlackElo "2296"]
[PlyCount "134"]
[EventDate "2025.03.20"]
[EventType "tourn"]
[EventRounds "9"]
[EventCountry "ENG"]
[EventCategory "2"]
[SourceTitle "BritBase"]
[Source "John Saunders"]
[SourceDate "2025.03.26"]
[SourceVersion "1"]
[SourceVersionDate "2025.03.26"]
[SourceQuality "1"]

1. d4 Nf6 2. g3 d5 3. Bg2 e6 4. Nf3 b5 5. a4 b4 6. c4 bxc3 7. bxc3 a5 8. O-O Ba6 9. Ne5 Bd6 10. Nd2 O-O 11. Ndc4 Nfd7 12. Nxd7 Qxd7 13. Nxa5 Bxe2 14. Qxe2 Rxa5 15. c4 Rxa4 16. Rxa4 Qxa4 17. cxd5 exd5 18. Qg4 Nc6 19. Be3 Ne7 20. h3 Qc2 21. Rc1 Qd3 22. Bg5 f6 23. Qe6+ Kh8 24. Bf4 Bxf4 25. gxf4 Ng6 26. Rxc7 Qd1+ 27. Kh2 Qxd4 28. Rc8 Qxf4+ 29. Kg1 Qb4 30. Bxd5 Rxc8 31. Qxc8+ Qf8 32. Qxf8+ Nxf8 33. Kg2 g6 34. Kg3 Kg7 35. Kf4 Nd7 36. Kg3 Kf8 37. f4 Ke7 38. Kf3 Kd6 39. Bg8 Nf8 40. Ke4 h5 41. h4 Ke7 42. Bc4 Nd7 43. Kd4 Nb6 44. Bb3 Nc8 45. Bc2 Kf7 46. Bb3+ Kg7 47. Be6 Ne7 48. Ke4 Kf8 49. Kd4 Ng8 50. Ke4 Nh6 51. Bc8 Ke7 52. Kd4 Kd6 53. Ke4 Ng8 54. Kd4 Ne7 55. Bh3 Nd5 56. Ke4 Kc5 57. Bf1 Nc3+ 58. Kd3 Nb5 59. f5 g5 60. hxg5 fxg5 61. Ke4 Nd6+ 62. Ke5 g4 63. f6 h4 64. Kf4 h3 65. Bxh3 gxh3 66. Kg3 Ne4+ 67. Kxh3 Nxf6 1/2-1/2

[Event "Menchik Memorial 10th"]
[Site "London"]
[Date "2025.03.21"]
[Round "4.4"]
[White "Van Foreest, Machteld"]
[Black "Zimina, Olga"]
[Result "1/2-1/2"]
[WhiteElo "2352"]
[BlackElo "2293"]
[PlyCount "89"]
[EventDate "2025.03.20"]
[EventType "tourn"]
[EventRounds "9"]
[EventCountry "ENG"]
[EventCategory "2"]
[SourceTitle "BritBase"]
[Source "John Saunders"]
[SourceDate "2025.03.26"]
[SourceVersion "1"]
[SourceVersionDate "2025.03.26"]
[SourceQuality "1"]

1. e4 c6 2. Nf3 d5 3. d3 g6 4. e5 c5 5. c3 Nc6 6. d4 cxd4 7. cxd4 Bg4 8. Bb5 Qb6 9. Nc3 Bxf3 10. Qxf3 Qxd4 11. O-O e6 12. Rd1 Qb6 13. Be3 Bc5 14. Bxc6+ Qxc6 15. Rac1 Bxe3 16. fxe3 Qb6 17. Na4 Qb4 18. Rd4 Qe7 19. e4 Qg5 20. Rf1 Nh6 21. Nc5 Qxe5 22. Qd1 Qc7 23. Qa4+ Qc6 24. exd5 Qxa4 25. Nxa4 Rd8 26. Rb4 b6 27. dxe6 fxe6 28. Nc3 Nf5 29. Nb5 Rd7 30. Ra4 a5 31. b4 Nd4 32. Nc3 Nc6 33. bxa5 Nxa5 34. Re4 Re7 35. Rfe1 O-O 36. Nd5 Ref7 37. Nxb6 Rf2 38. Nd7 R8f7 39. Ne5 R7f4 40. Rxf4 Rxf4 41. Rb1 Ra4 42. Rb2 Nc4 43. Rb8+ Kg7 44. Rb7+ Kf6 45. Nxc4 1/2-1/2

[Event "Menchik Memorial 10th"]
[Site "London"]
[Date "2025.03.21"]
[Round "4.5"]
[White "Navrotescu, Andreea"]
[Black "Toma, Katarzyna"]
[Result "1-0"]
[WhiteElo "2288"]
[BlackElo "2177"]
[PlyCount "81"]
[EventDate "2025.03.20"]
[EventType "tourn"]
[EventRounds "9"]
[EventCountry "ENG"]
[EventCategory "2"]
[SourceTitle "BritBase"]
[Source "John Saunders"]
[SourceDate "2025.03.26"]
[SourceVersion "1"]
[SourceVersionDate "2025.03.26"]
[SourceQuality "1"]

1. c4 Nf6 2. Nc3 g6 3. e4 c5 4. g3 Nc6 5. Bg2 d6 6. d3 Bg7 7. Nge2 Bd7 8. a3 O-O 9. Rb1 Nd4 10. Nxd4 cxd4 11. Ne2 e5 12. O-O b5 13. cxb5 Bxb5 14. a4 Bc6 15. f4 a5 16. h3 Nd7 17. b3 Re8 18. Ba3 Nb6 19. Qc2 Qd7 20. Rfc1 Rec8 21. Qd2 h6 22. Kh2 Bb7 23. h4 Rxc1 24. Rxc1 Qd8 25. fxe5 dxe5 26. Bh3 Bc8 27. Bxc8 Nxc8 28. Ng1 f5 29. Rc6 fxe4 30. Rxg6 e3 31. Qg2 Ra7 32. Qe4 Qe8 33. Nf3 Rf7 34. Nxd4 Rf2+ 35. Kh3 Qf7 36. Ne6 Qf5+ 37. Qxf5 Rxf5 38. Rxg7+ Kh8 39. Rg4 Nb6 40. Re4 Nd5 41. Bc5 1-0

[Event "Menchik Memorial 10th"]
[Site "London"]
[Date "2025.03.22"]
[Round "5.1"]
[White "Toma, Katarzyna"]
[Black "Yao, Lan"]
[Result "1/2-1/2"]
[WhiteElo "2177"]
[BlackElo "2294"]
[PlyCount "134"]
[EventDate "2025.03.20"]
[EventType "tourn"]
[EventRounds "9"]
[EventCountry "ENG"]
[EventCategory "2"]
[SourceTitle "BritBase"]
[Source "John Saunders"]
[SourceDate "2025.03.26"]
[SourceVersion "1"]
[SourceVersionDate "2025.03.26"]
[SourceQuality "1"]

1. e4 c5 2. Nf3 Nc6 3. d4 cxd4 4. Nxd4 e5 5. Nb5 d6 6. N5c3 Be7 7. Nd5 Nf6 8. Nbc3 Be6 9. Bd3 O-O 10. O-O Bxd5 11. exd5 Nb8 12. Be3 Nbd7 13. a4 g6 14. Be2 Ne8 15. Qd2 Ng7 16. a5 a6 17. Na4 f5 18. f4 Bf6 19. c4 Qe7 20. Rfe1 Rae8 21. Rad1 exf4 22. Bxf4 Be5 23. Bxe5 Qxe5 24. b4 Nf6 25. Bf3 Ne4 26. Qd4 Qxd4+ 27. Rxd4 Nf6 28. Rxe8 Rxe8 29. c5 Rd8 30. Nb6 Nge8 31. c6 bxc6 32. dxc6 Nc7 33. Nd7 Nfe8 34. Be2 Kf7 35. Bc4+ Ke7 36. Rd2 Nf6 37. Nb6 d5 38. Be2 Kd6 39. Rc2 Re8 40. Kf1 Re4 41. Nc8+ Ke5 42. Rb2 Kd4 43. Bxa6 Kc3 44. Rb1 Rxb4 45. Rxb4 Kxb4 46. Bb7 Kxa5 47. Ke2 Kb4 48. Nb6 Kc3 49. Nd7 Ne4 50. Ne5 Nc5 51. g3 d4 52. Nf3 d3+ 53. Kd1 Ne4 54. Bc8 d2 55. Ke2 Kc2 56. Nd4+ Kc3 57. Nf3 Nd5 58. Be6 Nc7 59. Bg8 Nb5 60. Bxh7 Kc2 61. Nxd2 Nxd2 62. c7 Nxc7 63. Bxg6 Kc3 64. Bxf5 Nc4 65. h4 Kd4 66. Kf3 Ke5 67. g4 Nd6 1/2-1/2